[Event "31.Alpenpokal Oberstdorf op"]
[Site "Tiefenbach (13.01.-21.01)"]
[Date "2005.01.13"]
[Round "1.1"]
[White "Van Baarle, C John"]
[Black "Johne, Siegfried"]
[Result "1-0"]
[WhiteElo "2198"]
[BlackElo "1843"]
[PlyCount "71"]
[EventDate "2005.01.??"]
[Source "ChessOrg"]
[SourceDate "2005.02.28"]

1. d4 Nf6 2. c4 g6 3. Nc3 d5 4. Nf3 Bg7 5. Bg5 Ne4 6. cxd5 Nxc3 7. bxc3 Qxd5 8.
e3 Bg4 9. Be2 Nd7 10. Bf4 c5 11. O-O cxd4 12. exd4 O-O 13. Rb1 b5 14. Rxb5 Qxa2
15. Qd3 Nb6 16. c4 Rac8 17. Rc1 Bf5 18. Qd2 Qxd2 19. Bxd2 Rfd8 20. Be3 Rc7 21.
d5 Nc8 22. Rb8 Rdd7 23. Nh4 e6 24. g4 Bf6 25. Ng2 Be4 26. f3 exd5 27. fxe4 dxe4
28. Nf4 Kg7 29. Nd5 Rc6 30. Nxf6 Kxf6 31. g5+ Ke7 32. c5 Rd5 33. Bg4 Kd8 34.
Rcb1 Rd3 35. Kf2 Ra3 36. Rd1+ 1-0

[Event "31.Alpenpokal Oberstdorf op"]
[Site "Tiefenbach (13.01.-21.01)"]
[Date "2005.01.13"]
[Round "1.3"]
[White "Schlierkamp, Ferdinand"]
[Black "Sakowski, Christian"]
[Result "1-0"]
[WhiteElo "2089"]
[BlackElo "1771"]
[PlyCount "67"]
[EventDate "2005.01.??"]
[Source "ChessOrg"]
[SourceDate "2005.02.28"]

1. e4 c6 2. d4 g6 3. Nc3 Bg7 4. Bc4 d6 5. a4 Nf6 6. Bb3 O-O 7. Nf3 Bg4 8. h3
Bxf3 9. Qxf3 Nbd7 10. Be3 a5 11. O-O Qc7 12. Qe2 Rad8 13. f4 e6 14. Rad1 d5 15.
e5 Ne8 16. Bf2 Ra8 17. Bh4 Kh8 18. Kh1 Qb6 19. Qe3 Nc7 20. g4 Rae8 21. g5 h5
22. gxh6 Bxh6 23. Bg5 Bxg5 24. fxg5 Kg7 25. Ne2 Rh8 26. Rf3 Ref8 27. Rdf1 Rh7
28. Qf2 Kg8 29. Nf4 Rg7 30. c4 Na6 31. Nxe6 fxe6 32. Rxf8+ Nxf8 33. Qxf8+ Kh7
34. Rf4 1-0

[Event "31.Alpenpokal Oberstdorf op"]
[Site "Tiefenbach (13.01.-21.01)"]
[Date "2005.01.13"]
[Round "1.4"]
[White "Borries, Barbara"]
[Black "Wempe, Juergen"]
[Result "0-1"]
[WhiteElo "1798"]
[BlackElo "2134"]
[PlyCount "38"]
[EventDate "2005.01.??"]
[Source "ChessOrg"]
[SourceDate "2005.02.28"]

1. e4 c5 2. c3 d5 3. exd5 Qxd5 4. d4 Nc6 5. Nf3 cxd4 6. cxd4 e5 7. dxe5 Qxd1+
8. Kxd1 Bg4 9. Bb5 O-O-O+ 10. Ke1 Bxf3 11. gxf3 Nd4 12. Ba4 Bb4+ 13. Nc3 Nxf3+
14. Ke2 Nxe5 15. Bc2 Nf6 16. Bg5 Rhe8 17. Bf5+ Kb8 18. Ne4 Nxe4 19. Bxd8 Nd6
0-1

[Event "31.Alpenpokal Oberstdorf op"]
[Site "Tiefenbach (13.01.-21.01)"]
[Date "2005.01.13"]
[Round "1.5"]
[White "Wahl, Frithjof,Dr."]
[Black "Krawinkel, Hans-Werner"]
[Result "1-0"]
[WhiteElo "1992"]
[BlackElo "1676"]
[PlyCount "79"]
[EventDate "2005.01.??"]
[Source "ChessOrg"]
[SourceDate "2005.02.28"]

1. e4 c5 2. Nc3 e6 3. g3 Nc6 4. Bg2 d6 5. Nge2 Be7 6. d4 cxd4 7. Nxd4 a6 8. Be3
Bd7 9. O-O Nf6 10. f4 Qc7 11. h3 Nxd4 12. Bxd4 Bc6 13. Qe2 e5 14. Be3 O-O 15.
Rfd1 b5 16. Nd5 Nxd5 17. exd5 Bb7 18. fxe5 dxe5 19. d6 Bxd6 20. Bxb7 Qxb7 21.
Rxd6 f5 22. Qg2 Qf7 23. Rad1 Qxa2 24. b3 Rae8 25. Qd5+ Kh8 26. Qc5 h6 27. Rc6
Kh7 28. Bxh6 f4 29. gxf4 (29. Qa7 $1 Rg8 30. Qf7 Ref8 31. Qh5 g6 32. Rd7+ Kh8
33. Bg7#) 29... exf4 30. Bxf4 Rd8 31. Rxd8 Rxd8 32. Qf5+ Kh8 33. Rc8 Qb1+ 34.
Kg2 Qd1 35. Rxd8+ Qxd8 36. Qe4 Qc8 37. Be5 Kg8 38. c3 Qd8 39. Bf4 Qc8 40. c4
1-0

[Event "31.Alpenpokal Oberstdorf op"]
[Site "Tiefenbach (13.01.-21.01)"]
[Date "2005.01.13"]
[Round "1.6"]
[White "Thonig, Manfred"]
[Black "Boeven, Manfred"]
[Result "0-1"]
[WhiteElo "1555"]
[BlackElo "1993"]
[PlyCount "88"]
[EventDate "2005.01.??"]
[Source "ChessOrg"]
[SourceDate "2005.02.28"]

1. f4 Nf6 2. Nf3 g6 3. b3 Bg7 4. Bb2 O-O 5. e3 d6 6. Be2 Nc6 7. O-O e5 8. fxe5
Ng4 9. Nc3 Ngxe5 10. d4 Ng4 11. Bc1 Bh6 12. Nd5 Re8 13. e4 Bxc1 14. Qxc1 f5 15.
Nf4 Rxe4 16. Bc4+ Kg7 17. d5 Nce5 18. Ng5 Rxf4 19. Qxf4 Qe7 20. Rae1 h6 21. Nf3
Bd7 22. h3 Nxf3+ 23. Qxf3 Ne5 24. Qc3 Kh7 25. Bd3 c5 26. Qd2 Re8 27. c4 Qh4 28.
Be2 Qg3 29. Qf4 Qxf4 30. Rxf4 Nd3 31. Rff1 Nxe1 32. Rxe1 f4 33. Kf2 Bf5 34. Rd1
Kg7 35. h4 Rxe2+ 36. Kxe2 Bg4+ 37. Kd2 Bxd1 38. Kxd1 Kf6 39. Ke2 Kf5 40. Kf3 g5
41. hxg5 hxg5 42. g4+ Ke5 43. a3 Kd4 44. a4 Kc3 0-1

[Event "31.Alpenpokal Oberstdorf op"]
[Site "Tiefenbach (13.01.-21.01)"]
[Date "2005.01.13"]
[Round "1.7"]
[White "Kleifges, Matthias,Dr."]
[Black "Heissenbuettel, Hans-Erich"]
[Result "0-1"]
[WhiteElo "2019"]
[BlackElo "1879"]
[PlyCount "110"]
[EventDate "2005.01.??"]
[Source "ChessOrg"]
[SourceDate "2005.02.28"]

1. e4 c5 2. c3 d5 3. exd5 Qxd5 4. d4 Nc6 5. Nf3 e6 6. Be2 Nf6 7. O-O Be7 8. Be3
cxd4 9. cxd4 Qd8 10. Nc3 O-O 11. Rc1 Nb4 12. Ne5 Nbd5 13. Bd3 Bd7 14. Ne4 Nxe4
15. Bxe4 Bf6 16. Qd3 g6 17. Bh6 Bg7 18. Bxg7 Kxg7 19. Rc5 Bc8 20. Rfc1 b6 21.
Bxd5 exd5 22. Rc7 Be6 23. R1c6 Re8 24. Qa3 Qh4 25. Qf3 Re7 26. Rxe7 $4 (26. g3
Qf6 27. Qxf6+ Kxf6 28. Ng4+) 26... Qxe7 27. Qc3 Qd8 28. f3 Rc8 29. g3 Rxc6 30.
Qxc6 Qc8 31. Qxc8 Bxc8 32. b4 f6 33. Nc6 a6 34. a4 Kf7 35. b5 a5 36. Kf2 Ke8
37. Ke3 Kd7 38. g4 Kc7 39. Kf4 Bd7 40. Na7 Kb8 41. g5 f5 42. Nc6+ Bxc6 43. bxc6
Kc7 44. Ke5 Kxc6 45. f4 b5 46. axb5+ Kxb5 47. Kxd5 a4 48. Ke6 a3 49. d5 a2 50.
d6 a1=Q 51. d7 Qe1+ 52. Kf7 Qd2 53. Ke7 Qe3+ 54. Kf7 Qd4 55. Ke7 Qxf4 0-1

[Event "31.Alpenpokal Oberstdorf op"]
[Site "Tiefenbach (13.01.-21.01)"]
[Date "2005.01.13"]
[Round "1.8"]
[White "Frankenberger, Ralf"]
[Black "Wunderer, Eckart"]
[Result "1/2-1/2"]
[WhiteElo "1848"]
[BlackElo "1974"]
[PlyCount "41"]
[EventDate "2005.01.??"]
[Source "ChessOrg"]
[SourceDate "2005.02.28"]

1. d4 d6 2. e4 Nf6 3. Bd3 e5 4. c3 Be7 5. Nf3 Nbd7 6. O-O O-O 7. Nbd2 c6 8. Re1
Qc7 9. Nf1 Re8 10. Bg5 Nf8 11. Ne3 Ng6 12. Nf5 exd4 13. Nxe7+ Qxe7 14. Nxd4 h6
15. Bd2 Ne5 16. Bc2 Nfg4 17. Bf4 Qf6 18. Bg3 h5 19. Nf3 g6 20. h4 Nxf3+ 21.
Qxf3 1/2-1/2

[Event "31.Alpenpokal Oberstdorf op"]
[Site "Tiefenbach (13.01.-21.01)"]
[Date "2005.01.13"]
[Round "1.9"]
[White "Maugg, Ludwig"]
[Black "Poffers, Rieke"]
[Result "1/2-1/2"]
[WhiteElo "1942"]
[BlackElo "1799"]
[PlyCount "36"]
[EventDate "2005.01.??"]
[Source "ChessOrg"]
[SourceDate "2005.02.28"]

1. d4 Nf6 2. c4 g6 3. Nc3 Bg7 4. e4 d6 5. Be2 O-O 6. Nf3 e5 7. O-O Nc6 8. d5
Ne7 9. b4 Ne8 10. c5 h6 11. Nd2 f5 12. f3 f4 13. Nc4 g5 14. a4 Ng6 15. Ba3 Rf7
16. b5 Bf8 17. cxd6 cxd6 18. a5 h5 1/2-1/2

[Event "31.Alpenpokal Oberstdorf op"]
[Site "Tiefenbach (13.01.-21.01)"]
[Date "2005.01.13"]
[Round "1.10"]
[White "Seyfarth, Rudolf"]
[Black "Moehring, Norbert"]
[Result "0-1"]
[WhiteElo "1807"]
[BlackElo "1954"]
[PlyCount "86"]
[EventDate "2005.01.??"]
[Source "ChessOrg"]
[SourceDate "2005.02.28"]

1. c4 Nf6 2. Nc3 e6 3. Nf3 b6 4. g3 Bb7 5. Bg2 Be7 6. O-O O-O 7. d4 d5 8. cxd5
Nxd5 9. Nxd5 Bxd5 10. Qc2 Nd7 11. Bf4 Rc8 12. e4 Ba8 13. Rfe1 c5 14. Qd2 Nf6
15. dxc5 Bxc5 16. Bg5 Qxd2 17. Nxd2 Ng4 18. Re2 f6 19. Bf4 Nxf2 20. Be3 (20.
Rxf2 e5) 20... Bxe3 21. Rxe3 Ng4 22. Re2 Rc2 23. Bf3 Ne5 24. Kg2 Rd8 25. Nb3
Rxe2+ (25... Bxe4 $5 26. Rxc2 Bxc2) 26. Bxe2 Bxe4+ 27. Kf2 Bc2 28. Ke3 Bxb3 29.
axb3 Rd7 30. Bc4 Kf7 31. h3 Ke7 32. Rc1 Rc7 33. Rc3 Nxc4+ 34. bxc4 Rc5 35. b4
Rc7 36. Kd4 e5+ 37. Kd5 Rd7+ 38. Ke4 Ke6 39. c5 bxc5 40. bxc5 f5+ 41. Ke3 Rc7
42. g4 g6 43. Rd3 Rxc5 0-1

[Event "31.Alpenpokal Oberstdorf op"]
[Site "Tiefenbach (13.01.-21.01)"]
[Date "2005.01.13"]
[Round "1.11"]
[White "Froehlich, Rainer[37Sonth]"]
[Black "Poell, Guenter"]
[Result "1/2-1/2"]
[WhiteElo "1964"]
[BlackElo "1815"]
[PlyCount "108"]
[EventDate "2005.01.??"]
[Source "ChessOrg"]
[SourceDate "2005.02.28"]

1. c4 f5 2. d4 e6 3. Nf3 Nf6 4. Nc3 Bb4 5. Qb3 Bxc3+ 6. bxc3 d6 7. e3 O-O 8.
Be2 b6 9. O-O c5 10. Nd2 Bb7 11. f3 Nc6 12. Bb2 Na5 13. Qc2 g6 14. Nb3 Nxb3 15.
axb3 a5 16. b4 Qc7 17. Bd3 Kg7 18. e4 fxe4 19. fxe4 Ng4 20. Qe2 Nh6 21. h3 Qe7
22. Rxf8 Qxf8 23. bxc5 dxc5 24. Qe3 Nf7 25. Ba3 Qd8 26. dxc5 Ne5 27. Rd1 $4 (
27. Be2 $3 bxc5 28. Bxc5) 27... Nxc4 $1 {au Backe} 28. Qc1 Nxa3 29. Qxa3 Qe7 {
sauber gespielt.} 30. Bb5 Rd8 31. Rxd8 Qxd8 32. c6 {
oh das war nicht vorraussehbar} Bc8 33. Qa4 Kf6 (33... e5 {ist spielbar}) 34.
Qd4+ Qxd4+ 35. cxd4 e5 36. d5 Ke7 37. Kf2 Kd6 38. Ke3 Kc5 39. Be2 Kd6 (39... b5
$1) 40. Kd2 h5 41. Kc3 Kc5 42. Kb3 b5 43. Kb2 Kb6 44. Bd3 Kc5 45. Kc1 Kb6 46.
Bc2 Kc5 47. Kb2 Kb6 48. Ka3 Ba6 49. Kb2 Bc8 50. Bb3 g5 51. Bd1 h4 52. Kc3 Kc5
53. Kd2 Kb6 54. Kc3 Kc5 1/2-1/2

[Event "31.Alpenpokal Oberstdorf op"]
[Site "Tiefenbach (13.01.-21.01)"]
[Date "2005.01.13"]
[Round "1.13"]
[White "Koops, Randolf"]
[Black "Tauscher, Max"]
[Result "1-0"]
[WhiteElo "2122"]
[BlackElo "1671"]
[PlyCount "91"]
[EventDate "2005.01.??"]
[Source "ChessOrg"]
[SourceDate "2005.02.28"]

1. d4 d5 2. Nf3 Nf6 3. c4 c6 4. Nc3 e6 5. Bg5 Be7 6. e3 Nbd7 7. Bd3 h6 8. Bh4
O-O 9. O-O b6 10. Bg3 Bb7 11. cxd5 cxd5 12. h3 a6 13. a4 Re8 14. Rc1 Rc8 15.
Qe2 Ne4 16. Bxa6 Nxg3 17. fxg3 Bxa6 18. Qxa6 Bd6 19. Ne2 Ra8 20. Qb5 Ra5 21.
Qc6 Nb8 22. Qc2 b5 23. axb5 Rxb5 24. Nc3 Rb4 25. Qf2 Re7 26. g4 Qb6 $4 27. Rc2
$4 (27. Nxd5 $3 exd5 28. Rc8+ Kh7 29. Ng5+ hxg5 30. Qf5+ g6 31. Qxf7+ Rxf7 32.
Rxf7+ Kh6 33. Rh8#) 27... Rb7 28. Nd1 Nc6 29. g5 h5 30. g6 fxg6 31. Ng5 Nd8 32.
Rc8 Rc4 33. Rxc4 dxc4 34. Qc2 Be7 35. Qxg6 Bxg5 36. Qxg5 Rf7 37. Rxf7 Nxf7 38.
Qxh5 Qd6 39. Qb5 Qc7 40. Qe8+ Kh7 41. Qxe6 Nh6 42. Nc3 Qb7 43. Qe4+ Qxe4 44.
Nxe4 Nf5 45. Kf2 Kg6 46. g4 1-0

[Event "31.Alpenpokal Oberstdorf op"]
[Site "Tiefenbach (13.01.-21.01)"]
[Date "2005.01.13"]
[Round "1.14"]
[White "Emser, Heinrich"]
[Black "Emde, Rainer"]
[Result "1/2-1/2"]
[WhiteElo "1685"]
[BlackElo "1995"]
[PlyCount "107"]
[EventDate "2005.01.??"]
[Source "ChessOrg"]
[SourceDate "2005.02.28"]

1. e4 d5 2. exd5 Qxd5 3. Nc3 Qa5 4. d4 c6 5. Bd3 Bf5 6. Nge2 Bxd3 7. Qxd3 Nf6
8. Bd2 e6 9. Ne4 Qa6 10. Nxf6+ gxf6 11. Qf3 Nd7 12. a3 Qc4 13. Qc3 Qxc3 14.
Nxc3 O-O-O 15. O-O-O Nb6 16. Be3 Nc4 17. Rhe1 Rg8 18. g3 f5 19. Nb1 Be7 20. f4
a6 21. c3 Rd7 22. Kc2 Rgd8 23. Bc1 a5 24. b3 Nb6 25. a4 Nd5 26. Ba3 c5 27. Kb2
cxd4 28. Rxd4 Bf6 29. Rc4+ Kb8 30. Rc5 b6 31. Rc4 Kb7 32. b4 axb4 33. Bxb4 Nxb4
34. Rxb4 Ka6 35. Rc4 Be7 36. Re2 Rd5 37. Kc2 Rc5 38. Rxc5 Bxc5 39. Rd2 Rxd2+
40. Nxd2 h5 41. Nf3 Ka5 42. Kb3 Be3 43. Ne5 Bg1 44. h3 Bh2 45. Nxf7 Bxg3 46.
Nd8 Bxf4 47. Nxe6 Be5 48. Nd8 Bg3 49. Nc6+ Ka6 50. Kc4 f4 51. Kd3 f3 52. Ke3 f2
53. Ke2 Kb7 54. Nb4 1/2-1/2

[Event "31.Alpenpokal Oberstdorf op"]
[Site "Tiefenbach (13.01.-21.01)"]
[Date "2005.01.13"]
[Round "1.15"]
[White "Klempt, Guenter"]
[Black "Marek, Herbert"]
[Result "1/2-1/2"]
[WhiteElo "1936"]
[BlackElo "1701"]
[PlyCount "88"]
[EventDate "2005.01.??"]
[Source "ChessOrg"]
[SourceDate "2005.02.28"]

1. d4 d5 2. c4 c6 3. Nf3 Nf6 4. Nc3 a6 5. cxd5 cxd5 6. Bg5 e6 7. e3 Be7 8. Bd3
h6 9. Bh4 b5 10. O-O Bb7 11. Rc1 Nbd7 12. Bb1 O-O 13. Qd3 Ne4 14. Bxe7 Qxe7 15.
Ne2 Rac8 16. Ng3 f5 17. Ne5 Nxe5 18. dxe5 Rxc1 19. Rxc1 f4 20. exf4 Rxf4 21.
Nxe4 dxe4 22. Qe3 Qf7 23. Qb6 Qd7 24. Qe3 Qf7 25. a3 Rg4 26. h3 Rf4 27. Rd1 Bd5
28. Re1 Rf5 29. Bxe4 Bxe4 30. Qxe4 Rxf2 31. Qa8+ Kh7 32. Qe4+ g6 33. b4 Qa7 34.
Kh1 Rf7 35. Rd1 Qf2 36. Qc6 Qe2 37. Qd6 Rf1+ 38. Rxf1 Qxf1+ 39. Kh2 Qf4+ 40.
Kg1 Qe3+ 41. Kh1 Qc1+ 42. Kh2 Qf4+ 43. Kg1 Qe3+ 44. Kf1 Qf4+ 1/2-1/2

[Event "31.Alpenpokal Oberstdorf op"]
[Site "Tiefenbach (13.01.-21.01)"]
[Date "2005.01.13"]
[Round "1.17"]
[White "Meyer, Gerd[61Huckarde]"]
[Black "Poffers, Gerrit"]
[Result "1-0"]
[WhiteElo "1925"]
[BlackElo "1443"]
[PlyCount "73"]
[EventDate "2005.01.??"]
[Source "ChessOrg"]
[SourceDate "2005.02.28"]

1. e4 c5 2. d4 cxd4 3. c3 d6 4. cxd4 Nf6 5. Nc3 g6 6. Nf3 Bg7 7. Bc4 O-O 8. O-O
Nc6 9. Rb1 a6 10. a3 b5 11. Be2 Bd7 12. b4 Rc8 13. Qb3 Rc7 14. h3 Qc8 15. Bd2
Kh8 16. Kh2 Nd8 17. Bd3 Be6 18. d5 Bd7 19. Rfc1 Ng8 20. a4 Qb8 21. axb5 axb5
22. Be3 Nf6 23. Nd4 Rb7 24. Ra1 Ne8 25. Ra5 Nc7 26. Nb1 Bxd4 27. Bxd4+ f6 28.
Be2 Qc8 29. Na3 Qb8 30. Qe3 Kg7 31. Ba7 Qa8 32. Bb6 Qb8 33. Bxc7 Rxc7 34. Rxc7
Qxc7 35. Ra7 Qc8 36. Nxb5 Rf7 37. Rc7 1-0

[Event "31.Alpenpokal Oberstdorf op"]
[Site "Tiefenbach (13.01.-21.01)"]
[Date "2005.01.13"]
[Round "1.18"]
[White "Bruestle, Wilfried"]
[Black "Reinke, Kurt[39Benrath]"]
[Result "0-1"]
[WhiteElo "1614"]
[BlackElo "1832"]
[PlyCount "116"]
[EventDate "2005.01.??"]
[Source "ChessOrg"]
[SourceDate "2005.02.28"]

1. d4 d5 2. Nf3 Nf6 3. Bg5 e6 4. e3 c6 5. Nbd2 Nbd7 6. c3 Bd6 7. Qc2 h6 8. Bh4
O-O 9. O-O-O b5 10. e4 dxe4 11. Nxe4 Be7 12. Ne5 Bb7 13. Nxd7 Nxd7 14. Bxe7
Qxe7 15. f3 a5 16. h4 b4 17. g4 bxc3 18. Qxc3 c5 19. Kb1 Bxe4+ 20. fxe4 cxd4
21. Qxd4 Rfd8 22. Qe3 Ne5 23. Rxd8+ Rxd8 24. Be2 Qb4 25. Rd1 Rxd1+ 26. Bxd1 Nc4
27. Qe2 Nd2+ 28. Kc1 Nxe4 29. a3 Qc5+ 30. Kb1 Nd6 31. Bc2 Kf8 32. Qg2 Ke7 33.
Qh1 f6 34. Qg2 Qb5 35. Qf2 Nc8 36. Qf4 e5 37. Qf2 Qb6 38. Qd2 Qc5 39. Qg2 Nd6
40. g5 hxg5 41. hxg5 f5 42. Qh2 Qe3 43. Qh4 Qg1+ 44. Ka2 Qg4 45. Qf2 Qd4 46.
Qg2 e4 47. g6 Nc4 48. Bb3 Qd2 49. Qxd2 Nxd2 50. Bd1 f4 51. b4 axb4 52. axb4 f3
53. Kb2 f2 54. Be2 f1=Q 55. Bxf1 Nxf1 56. Kc2 Kd6 57. Kd1 Ng3 58. Kd2 Nf5 0-1

[Event "31.Alpenpokal Oberstdorf op"]
[Site "Tiefenbach (13.01.-21.01)"]
[Date "2005.01.13"]
[Round "1.19"]
[White "Woell, Josef"]
[Black "Miessner, Rolf"]
[Result "1-0"]
[WhiteElo "1895"]
[BlackElo "1554"]
[PlyCount "59"]
[EventDate "2005.01.??"]
[Source "ChessOrg"]
[SourceDate "2005.02.28"]

1. d4 Nf6 2. Bg5 Ne4 3. Bh4 d5 4. f3 Nd6 5. Nd2 Bf5 6. c4 c6 7. a3 Qd7 8. c5
Nb5 9. e3 e6 10. Qb3 a6 11. f4 Be7 12. Ngf3 Bxh4+ 13. Nxh4 O-O 14. Be2 Bg6 15.
O-O Qc7 16. a4 Na7 17. Nxg6 hxg6 18. e4 Nd7 19. e5 Nc8 20. Qh3 Ne7 21. Bd3 Nf5
22. Nf3 Rfe8 23. Bxf5 gxf5 24. g4 g6 25. gxf5 exf5 26. Qh6 Nf8 27. Nh4 Re6 28.
Kh1 Qd7 29. Rg1 Re7 30. Rg3 1-0

[Event "31.Alpenpokal Oberstdorf op"]
[Site "Tiefenbach (13.01.-21.01)"]
[Date "2005.01.13"]
[Round "1.20"]
[White "Meyer, Thomas[52Tübing]"]
[Black "Aigner, Georg"]
[Result "0-1"]
[WhiteElo "1604"]
[BlackElo "1855"]
[PlyCount "50"]
[EventDate "2005.01.??"]
[Source "ChessOrg"]
[SourceDate "2005.02.28"]

1. d4 d5 2. c4 c6 3. Nc3 dxc4 4. Nf3 Nd7 5. e4 b5 6. a3 Nb6 7. Be2 e6 8. O-O
Ne7 9. Be3 Ng6 10. Qc2 Bb7 11. Rad1 Qc7 12. Rd2 Be7 13. Ng5 Nf4 14. Nf3 O-O 15.
Ne5 Nxe2+ 16. Rxe2 a6 17. f4 c5 18. Nf3 Rad8 19. Rd1 cxd4 20. Nxd4 Bc5 21. g3
Rd7 22. b4 cxb3 23. Qxb3 Rfd8 24. Nf3 Rxd1+ 25. Nxd1 Bxe4 0-1

[Event "31.Alpenpokal Oberstdorf op"]
[Site "Tiefenbach (13.01.-21.01)"]
[Date "2005.01.13"]
[Round "1.22"]
[White "Rueggeberg, Wilhelm"]
[Black "Heyse, Juergen"]
[Result "1/2-1/2"]
[WhiteElo "1805"]
[BlackElo "1553"]
[PlyCount "40"]
[EventDate "2005.01.??"]
[Source "ChessOrg"]
[SourceDate "2005.02.28"]

1. d4 d5 2. Nf3 Nf6 3. c4 c6 4. Nc3 dxc4 5. a4 Bf5 6. e3 e6 7. Bxc4 Be7 8. O-O
O-O 9. Qb3 Qb6 10. Re1 Qxb3 11. Bxb3 Nbd7 12. e4 Bg6 13. Bg5 Bb4 14. Bxf6 gxf6
15. h3 h5 16. Re2 Rad8 17. Rd1 Be7 18. Bc2 Kg7 19. Na2 a5 20. b4 axb4 1/2-1/2

[Event "31.Alpenpokal Oberstdorf op"]
[Site "Tiefenbach (13.01.-21.01)"]
[Date "2005.01.13"]
[Round "1.23"]
[White "Ludwig, Ines"]
[Black "Hiller, Joachim[42Deidesh]"]
[Result "0-1"]
[WhiteElo "1521"]
[BlackElo "1838"]
[PlyCount "46"]
[EventDate "2005.01.??"]
[Source "ChessOrg"]
[SourceDate "2005.02.28"]

1. d4 Nf6 2. e3 e6 3. Bd3 b6 4. f4 Bb7 5. Nf3 c5 6. c3 Be7 7. Nbd2 O-O 8. O-O
cxd4 9. exd4 d6 10. Qe2 Nbd7 11. Ng5 h6 12. Nge4 Re8 13. Rf3 e5 14. dxe5 dxe5
15. f5 Nd5 16. Nf1 Qc7 17. Rh3 Nf4 18. Bxf4 exf4 19. Qg4 Bxe4 20. Bxe4 Nf6 21.
Qf3 Bc5+ 22. Kh1 Nxe4 23. Ne3 Bxe3 0-1

[Event "31.Alpenpokal Oberstdorf op"]
[Site "Tiefenbach (13.01.-21.01)"]
[Date "2005.01.13"]
[Round "1.24"]
[White "Fehres, Werner"]
[Black "Mueller, Dieter[45Halle]"]
[Result "1-0"]
[WhiteElo "1705"]
[BlackElo "1451"]
[PlyCount "82"]
[EventDate "2005.01.??"]
[Source "ChessOrg"]
[SourceDate "2005.02.28"]

1. e4 d6 2. d4 Nf6 3. f3 g6 4. Be3 c6 5. c4 Bg7 6. Nc3 Na6 7. Qd2 Nc7 8. Bd3 a6
9. a4 Rb8 10. Nge2 O-O 11. O-O b5 12. b3 b4 13. Nd1 a5 14. Rc1 e6 15. Nf2 Nd7
16. f4 Bb7 17. g4 c5 18. Bb1 cxd4 19. Bxd4 Nc5 20. Qe3 Qe7 21. Bxg7 Kxg7 22.
Ng3 Qh4 23. f5 e5 24. Bc2 Ne8 25. Bd1 Nf6 26. Bf3 Rh8 27. Rcd1 Rbd8 28. Rd2 h5
29. g5 Ng4 30. f6+ Kg8 31. Bxg4 hxg4 32. h3 gxh3 33. Kh2 Ne6 34. Qb6 Rd7 35.
Rxd6 Rxd6 36. Qxd6 Ba8 37. Qxe5 Nxg5 38. Qb8+ Kh7 39. Qc7 Rd8 40. Qxd8 Nf3+ 41.
Kh1 Qxg3 1-0

[Event "31.Alpenpokal Oberstdorf op"]
[Site "Tiefenbach (13.01.-21.01)"]
[Date "2005.01.13"]
[Round "1.25"]
[White "Poppitz, Joachim"]
[Black "Josting, Friedel"]
[Result "0-1"]
[WhiteElo "1369"]
[BlackElo "1869"]
[PlyCount "46"]
[EventDate "2005.01.??"]
[Source "ChessOrg"]
[SourceDate "2005.02.28"]

1. e4 c5 2. Nf3 e6 3. d4 cxd4 4. Nxd4 a6 5. Bd3 b5 6. O-O Bb7 7. a3 Qc7 8. Ne2
Nf6 9. Ng3 Nc6 10. c3 Be7 11. Be3 Rd8 12. Qe2 O-O 13. Bg5 d5 14. Bxf6 Bxf6 15.
Nd2 Ne5 16. Bc2 d4 17. Bb1 dxc3 18. bxc3 Qxc3 19. Ra2 Rd7 20. Rd1 Rfd8 21. Rc2
Qxa3 22. Ngf1 Qb4 23. Rcc1 Bg5 0-1

[Event "31.Alpenpokal Oberstdorf op"]
[Site "Tiefenbach (13.01.-21.01)"]
[Date "2005.01.13"]
[Round "1.26"]
[White "Winter, Rudolf[29G.Gerau]"]
[Black "Wahl, Hedi"]
[Result "1-0"]
[WhiteElo "1654"]
[BlackElo "1364"]
[PlyCount "119"]
[EventDate "2005.01.??"]
[Source "ChessOrg"]
[SourceDate "2005.02.28"]

1. d4 d6 2. Nf3 g6 3. c4 Bg7 4. Nc3 c6 5. e4 Nd7 6. Be3 Ngf6 7. Be2 O-O 8. Qd2
Ng4 9. Bg5 f6 10. Bh4 g5 11. Bg3 c5 12. Nxg5 Nh6 13. Nf3 cxd4 14. Nxd4 Nb6 15.
b3 Nf7 16. Nf5 Bxf5 17. exf5 Ne5 18. O-O Qc8 19. Nd5 Nxd5 20. Qxd5+ Nf7 21. Bh5
Qd7 22. Rfe1 Rae8 23. Re3 Qc6 24. Qe6 Qc8 25. Qd5 Qc6 26. Qd1 Qd7 27. Qd5 Qc6
28. Qe6 Qc8 29. Qxc8 Rxc8 30. Rxe7 Rc5 31. Bxf7+ Rxf7 32. Bxd6 Rxf5 33. Re8+
Bf8 34. Rae1 Kg7 35. Bxf8+ Rxf8 36. R1e7+ Rf7 37. g4 Rf4 38. h3 Rd4 39. Rxf7+
Kxf7 40. Rh8 Kg7 41. Rb8 Rd7 42. a4 b6 43. Re8 Kf7 44. Re3 Re7 45. b4 Rc7 46.
Rc3 Ke6 47. f4 h6 48. Kf2 f5 49. Ke3 fxg4 50. hxg4 Rg7 51. Kf3 Rh7 52. c5 Rc7
53. Re3+ Kd5 54. cxb6 axb6 55. f5 Rc6 56. Kf4 Rc4+ 57. Kg3 Rxb4 58. f6 Rxa4 59.
f7 Ra8 60. Re8 1-0

[Event "31.Alpenpokal Oberstdorf op"]
[Site "Tiefenbach (13.01.-21.01)"]
[Date "2005.01.13"]
[Round "1.27"]
[White "Luebbers, Doris,Dr."]
[Black "Schwichtenberg, Juergen"]
[Result "1/2-1/2"]
[WhiteElo "1395"]
[BlackElo "1639"]
[PlyCount "38"]
[EventDate "2005.01.??"]
[Source "ChessOrg"]
[SourceDate "2005.02.28"]

1. d4 Nf6 2. c4 e5 3. dxe5 Ne4 4. Nf3 Nc6 5. a3 b6 6. e3 g6 7. Bd3 Nc5 8. Be2
Bg7 9. O-O Qe7 10. Nbd2 Nxe5 11. Nxe5 Bxe5 12. Nf3 Bg7 13. Rb1 Bb7 14. b3 O-O
15. Bb2 Ne6 16. Bxg7 Kxg7 17. b4 d6 18. Qc2 Rad8 19. Rfc1 Kg8 1/2-1/2

[Event "31.Alpenpokal Oberstdorf op"]
[Site "Tiefenbach (13.01.-21.01)"]
[Date "2005.01.14"]
[Round "2.2"]
[White "Poffers, Adriaan"]
[Black "Meyer, Gerd[61Huckarde]"]
[Result "1-0"]
[WhiteElo "2253"]
[BlackElo "1925"]
[PlyCount "57"]
[EventDate "2005.01.??"]
[Source "ChessOrg"]
[SourceDate "2005.02.28"]

1. g3 d5 2. Bg2 e5 3. d3 c6 4. Nf3 Bd6 5. e4 dxe4 6. dxe4 Nf6 7. Nbd2 Qc7 8.
O-O O-O 9. b3 b5 10. Bb2 Nbd7 11. a4 Bb7 12. Qe2 a6 13. Nh4 g6 14. Kh1 Nh5 15.
Nf5 gxf5 16. Qxh5 fxe4 17. Qf5 f6 18. Nxe4 Bb4 19. c3 Ba5 20. Rfd1 Rad8 21.
axb5 Bb6 22. bxa6 Ba8 23. Ba3 c5 24. Rd2 Nb8 25. Rad1 Bxe4 26. Bxe4 Rxd2 27.
Rxd2 Rd8 28. Rxd8+ Qxd8 29. Qxh7+ 1-0

[Event "31.Alpenpokal Oberstdorf op"]
[Site "Tiefenbach (13.01.-21.01)"]
[Date "2005.01.14"]
[Round "2.3"]
[White "Aigner, Georg"]
[Black "Schlierkamp, Ferdinand"]
[Result "0-1"]
[WhiteElo "1855"]
[BlackElo "2089"]
[PlyCount "70"]
[EventDate "2005.01.??"]
[Source "ChessOrg"]
[SourceDate "2005.02.28"]

1. e4 c5 2. Nf3 d6 3. d4 cxd4 4. Nxd4 Nf6 5. Nc3 a6 6. Be2 e5 7. Nf3 h6 8. O-O
Be6 9. Re1 Nbd7 10. Be3 Rc8 11. Nd2 Be7 12. f4 exf4 13. Bxf4 Qb6+ 14. Kh1 Qxb2
15. Nd5 Qxc2 16. Bf3 Qxd1 17. Raxd1 Ne5 18. Nb3 Bxd5 19. exd5 Nxf3 20. gxf3 Kd7
21. Na5 Rc5 22. Nxb7 Rxd5 23. Bg3 Rxd1 24. Rxd1 d5 25. Be5 Rc8 26. Rd2 Bb4 27.
Rb2 a5 28. Kg2 Ke6 29. Re2 Kd7 30. Rb2 Rc6 31. Bd4 Kc7 32. Kg3 Kxb7 33. a3 Rc4
34. Bxf6 gxf6 35. axb4 axb4 0-1

[Event "31.Alpenpokal Oberstdorf op"]
[Site "Tiefenbach (13.01.-21.01)"]
[Date "2005.01.14"]
[Round "2.4"]
[White "Wempe, Juergen"]
[Black "Woell, Josef"]
[Result "1/2-1/2"]
[WhiteElo "2134"]
[BlackElo "1895"]
[PlyCount "53"]
[EventDate "2005.01.??"]
[Source "ChessOrg"]
[SourceDate "2005.02.28"]

1. e4 c5 2. b4 e6 3. bxc5 Bxc5 4. d4 Bb6 5. Nf3 Ne7 6. d5 exd5 7. exd5 d6 8.
Bb2 O-O 9. Bc4 Bf5 10. O-O Nd7 11. Re1 Rc8 12. Nbd2 Ba5 13. Nh4 Bg6 14. Nxg6
Nxg6 15. Bf1 Nde5 16. Bd4 a6 17. Rb1 b5 18. a4 Nc4 19. Nxc4 Bxe1 20. axb5 axb5
21. Rxb5 Re8 22. Qa1 Nf4 23. Be3 Rxe3 24. fxe3 Qh4 25. g3 Bxg3 26. hxg3 Qxg3+
27. Kh1 1/2-1/2